| 000 | 00416cam a2200157ua 4500 | ||
|---|---|---|---|
| 041 |
_aeng _h |
||
| 082 |
_a614.4322 _bCRA/MO |
||
| 100 | _aCrawford, J.A . | ||
| 245 |
_aMosquito Reduction and Malarial prevention / _cJ.A.Crawford. _hTextual Documents |
||
| 260 |
_aLondon : _bOxford University Press , _c1927. |
||
| 300 | _a107 ; . | ||
| 504 | _a | ||
| 700 | 1 | _aChalam, B.S . | |
| 942 | _cBK | ||
| 999 |
_c1197 _d1197 |
||